000 00570nam a2200241Ia 4500
003 OSt
005 20220918185901.0
006 a|||||r|||| 00| 0
007 ta
008 220917b |||||||| |||| 00| 0 eng d
024 _a53,259
037 _cTextual
040 _aARTS
_cARTS
_beng
041 _2eng
_aeng
082 _aP15, K31
100 _aKulkarni L R
_970636
245 0 _aPractical Sanskrit grammar
250 _a2nd
260 _c1963
650 _aLINGUISTICS
942 _hP15, K31
_cTEXL
_2CC
999 _c182551
_d182551